Ako proti kurzovým stratám?

Zabezpečenie podniku proti nepriaznivému vývoju devízového výmenného kurzu pri vývoze. Príklad kurzovej straty. Proti kurzovým výkyvom sa dá brániť riadením rizika, použitím nástrojov finančného trhu (forwardy, futures). Príklad využitia forwardu.

Na minha lista:
Detalhes bibliográficos
Autor principal: Gottschall, Erik
Formato: Capítulo de Livro
Idioma:eslovaco
inglês
Assuntos:
Tags: Adicionar Tag
Sem tags, seja o primeiro a adicionar uma tag!

MARC

LEADER 00000naa a2200000 4500
001 r036708
005 20230426114508.2
041 0 |a slo 
041 0 |a eng 
044 |a SK 
245 1 0 |a Ako proti kurzovým stratám?  |c Erik Gottschall 
520 |a Zabezpečenie podniku proti nepriaznivému vývoju devízového výmenného kurzu pri vývoze. Príklad kurzovej straty. Proti kurzovým výkyvom sa dá brániť riadením rizika, použitím nástrojov finančného trhu (forwardy, futures). Príklad využitia forwardu. 
610 2 0 |a kurz devízový 
610 2 0 |a kurz výmenný 
610 2 0 |a podnik 
610 2 0 |a forwardy 
610 2 0 |a futurity 
610 2 0 |a vývoz 
100 1 |a Gottschall, Erik